|
|
|
|
| LEADER |
00741nam a2200193 i 4500 |
| 001 |
c000030809 |
| 003 |
CARM |
| 005 |
00000000000000.0 |
| 008 |
841114s1964 bl eng d |
| 019 |
1 |
|
|a 9696850
|5 LACONCORD2021
|
| 035 |
|
|
|a (OCoLC)5503761
|5 LACONCORD2021
|
| 100 |
1 |
|
|a Bueno, Francisco da Silveira,
|d 1898-
|
| 245 |
1 |
0 |
|a Estilistica brasileira :
|b o estilo e a sua tecnica /
|c Silveira Bueno.
|
| 260 |
|
|
|a Sao Paulo :
|b Saraiva,
|c 1964.
|
| 300 |
|
|
|a 225 p.
|
| 650 |
|
0 |
|a Portuguese language
|x Style.
|
| 852 |
8 |
|
|b CARM
|h A2:AE06B0
|i B00773
|p 0041157
|f BK
|
| 999 |
f |
f |
|i dd81460e-76fb-554d-a767-ef74e4d11028
|s 4ed03276-73b7-501b-b99f-492fe9121b4d
|
| 952 |
f |
f |
|p Can circulate
|a CAVAL
|b CAVAL
|c CAVAL
|d CARM 1 Store
|e B00773
|f A2:AE06B0
|h Other scheme
|i book
|m 0041157
|